000 00367nam a2200169Ia 4500
003 0100
008 130303s9999 xx 000 0 und d
040 _cARRUPELIB
050 _aPZ3.G212N15 1970
100 _aGaskell, Elizabeth
245 _aNorth and South
260 _aMiddlesex
260 _bPenguin Books
260 _C1970
300 _a539p
942 0 0 _01
999 _c33878
_d33878